2016 Emmy Network Nominations Quiz Stats

Quiz Updated Sep 15, 2016

Challenge
Share
Tweet
Embed
Score 0/42 Timer 05:00
9 Plays Today
% Correct
FX
79.8%
NBC
78%
NBC
76.7%
ABC
76.6%
ABC
75.3%
PBS
72.9%
ABC
72.7%
FX
72.4%
CBS
72.4%
Comedy Central
71.9%
Netflix
70%
Comedy Central
69.5%
Netflix
67.9%
HBO
67.2%
HBO
66.6%
NBC
66.1%
Netflix
65.9%
Showtime
65.1%
HBO
65%
Comedy Central
64.3%
HBO
63.7%
% Correct
ABC
62.3%
AMC
62.1%
FX
61.6%
ABC
61.1%
HBO
59.7%
Netflix
56.3%
HBO
56.2%
NBC
55.7%
CBS
54.6%
HBO
54.5%
Bravo
53.9%
Amazon
51.9%
IFC
51.8%
Showtime
50.1%
Lifetime
49.7%
USA
48.9%
FX
48.2%
IFC
45.6%
Crackle
42.9%
AMC
37%
Lifetime
33%

You're not logged in!

Compare scores with friends on all Sporcle quizzes.
Join for Free
OR
Log In

You Might Also Like...

Show Comments

Extras

Top Quizzes Today


Score Distribution

Your Account Isn't Verified!

In order to create a playlist on Sporcle, you need to verify the email address you used during registration. Go to your Sporcle Settings to finish the process.

Report this User

Report this user for behavior that violates our Community Guidelines.

Details: